Good Girl - Renee Rapp (All Lyrics) - Statistics

General Stats
  • This quiz has been taken 56 times
    54 since last reset
  • The average score is 298 of 361
Answer Stats
Lyrics % Correct
a
97%
be
97%
I
97%
(I
97%
and
94%
g-
94%
girl
94%
girl,
94%
good
94%
Good
94%
good,
94%
on
94%
you
94%
alone
91%
alone,
91%
can
91%
One
91%
one
91%
to
91%
up
91%
(Up)
91%
we
91%
your
91%
being
88%
call
88%
can't
88%
Darling,
88%
every
88%
it
88%
it,
88%
Just
88%
just
88%
know
88%
night,
88%
no
88%
promise,
88%
promise
88%
real
88%
together
88%
until
88%
Until
88%
was
88%
Was
88%
was)
88%
don't
84%
dresser
84%
like
84%
lip
84%
me
84%
my
84%
showed
84%
Showed
84%
sun
84%
the
84%
alright,
81%
better
81%
doing
81%
drink,
81%
drugs
81%
grown
81%
hand
81%
keys,
81%
little
81%
planning
81%
safe
81%
sex
81%
skirts
81%
so
81%
tattoo
81%
T-shirts
81%
About
78%
any
78%
dancing
78%
fuck
78%
get
78%
had
78%
have
78%
home
78%
over
78%
shit
78%
take
78%
'til
78%
Yeah,
78%
baby,
75%
came
75%
Closer,
75%
gonna
75%
leave
75%
sleep
75%
wasn't
75%
yoga
75%
her
72%
her)
72%
(Her
72%
Ooh,
72%
sentimental
72%
sunsets
72%
then
72%
tied,
72%
twisted
72%
break
69%
But
69%
hit
69%
Tongue
69%
disappoint
66%
father
66%
father)
66%
She's
66%
probably
63%
shouldn't
63%
superpower
63%
I'm
59%
accidental
56%
bad
56%
'bout
56%
drunk,
53%
it's
53%
is
50%
out
50%
worried
50%
(Worried
50%
into
47%
right
47%
bad's
44%
black
44%
though
44%
trip
44%
pretend
41%
well,
41%
(Ah
34%
ah)
34%
No matching quizzes found
Score Distribution
Percent of People with Each Score
Percentile by Number Answered
Your Score History
You have not taken this quiz since the last reset